000 00905cam a2200241 a 4500
001 000004340
005 20200929151427.0
008 820714s1968 ve b 001 0 spa
040 _aDO-SdBNP
_bspa
_cBNPHU
041 1 7 _aspa
082 _a809
_bD542e
100 1 _aDíaz Solís, Gustavo,
_d1920-
_95290
245 1 0 _aExploraciones críticas :
_bonce estudios de literatura inglesa y norteamericana /
_cGustavo Díaz Solís.
246 1 4 _aExploration in criticism: eleven papers on english and american literature
250 _aEd. bilingüe.
260 _aCaracas :
_bUniversidad Central de Venezuela,
_c1968.
300 _a328 p. ;
_c16 cm.
440 0 _aBiblioteca.
_pAvance ;
_vno. 19
_912804
500 _aIncluye índice
504 _aIncluye referencias bibliográficas y notas al pie de las páginas
650 4 _aLiteratura inglesa
_xHistoria y crítica
_ySIGLO XX
_912805
910 _aEn proceso
999 _c4149
_d4149